اجكل كے مضامين / (Record no. 108495)
[ view plain ]
| 000 -LEADER | |
|---|---|
| fixed length control field | 01062nam a22002777a 4500 |
| 005 - DATE AND TIME OF LATEST TRANSACTION | |
| control field | 20170123162341.0 |
| 010 ## - LIBRARY OF CONGRESS CONTROL NUMBER | |
| LC control number | B-029377 |
| 020 ## - INTERNATIONAL STANDARD BOOK NUMBER | |
| Terms of availability | 112.00 |
| International Standard Book Number | 8123008007 |
| 035 ## - SYSTEM CONTROL NUMBER | |
| System control number | B-029377 |
| 037 ## - SOURCE OF ACQUISITION | |
| Source of stock number/acquisition | Cen Lib/Ret |
| 040 ## - CATALOGING SOURCE | |
| Original cataloging agency | DPL |
| Language of cataloging | UR |
| 082 ## - DEWEY DECIMAL CLASSIFICATION NUMBER | |
| Classification number | 844 |
| Item number | ف ا ر |
| 100 ## - MAIN ENTRY--PERSONAL NAME | |
| Personal name | فاروقى، محبوب الرحمن |
| 9 (RLIN) | 120415 |
| 245 ## - TITLE STATEMENT | |
| Title | اجكل كے مضامين / |
| Statement of responsibility, etc | محبوب الرحمن فاروقى، محمد كاظم |
| 246 ## - VARYING FORM OF TITLE | |
| Title proper/short title | Ajkal ke mazameen / |
| Remainder of title | by Mahboob-Ur-Rahman [and] Mohammad Kazim |
| 260 ## - PUBLICATION, DISTRIBUTION, ETC. (IMPRINT) | |
| Place of publication, distribution, etc | نیی دہلی |
| Name of publisher, distributor, etc | پبلى كيشنز ڈويژن، وزارت اطلاعات و نشريات |
| Date of publication, distribution, etc | 1999 |
| 270 ## - ADDRESS | |
| City | نیی دہلی |
| Postal code | 110002 |
| 300 ## - PHYSICAL DESCRIPTION | |
| Extent | 216p. |
| Dimensions | 21cm(Hb) |
| 490 ## - SERIES STATEMENT | |
| Series statement | آجکل سیریز -٢ |
| 650 ## - SUBJECT ADDED ENTRY--TOPICAL TERM | |
| Topical term or geographic name as entry element | ادب -- اردو |
| 9 (RLIN) | 127159 |
| 650 ## - SUBJECT ADDED ENTRY--TOPICAL TERM | |
| Topical term or geographic name as entry element | اردو ادب - تاریخ اور تنقید. |
| 9 (RLIN) | 127160 |
| 650 ## - SUBJECT ADDED ENTRY--TOPICAL TERM | |
| Topical term or geographic name as entry element | Urdu literature |
| 9 (RLIN) | 127161 |
| 650 ## - SUBJECT ADDED ENTRY--TOPICAL TERM | |
| Topical term or geographic name as entry element | Urdu literature -- History and criticism. |
| 9 (RLIN) | 127162 |
| 700 ## - ADDED ENTRY--PERSONAL NAME | |
| Personal name | محمّد کازم |
| 9 (RLIN) | 127163 |
| 942 ## - ADDED ENTRY ELEMENTS (KOHA) | |
| Source of classification or shelving scheme | Dewey Decimal Classification |
| Koha item type | Urdu Bks |
| Classification part | 844 |
| Call number suffix | ف ا ر |
| Withdrawn status | Lost status | Damaged status | Not for loan | Home library | Current library | Date acquired | Source of acquisition | Cost, normal purchase price | Total Checkouts | Full call number | Barcode | Date last seen | Copy number | Cost, replacement price | Price effective from | Koha item type |
|---|---|---|---|---|---|---|---|---|---|---|---|---|---|---|---|---|
| Central Library | Central Library | 21/01/2016 | Cen Lib/Ret | 112.00 | 844 ف ا ر | B-029377 | 21/01/2016 | 1 | 112.00 | 21/01/2016 | Urdu Bks |
